Les 20 plus gros transferts du Bayern Munich - Statistiques

Statistiques générales
  • Ce quiz a été pris 364 fois
  • Le résultat moyen est 13 sur 20
Statistiques - réponses
Club Transfert Club Joueur % Correct
Tottenham 95M Bayern Munich Kane
98%
Atletico Madrid 80M Bayern Munich Hernandez
87%
Bayern Munich 45M PSG Hernandez
87%
Bayern Munich 45M Barcelone Lewandowski
82%
Manchester City 49M Bayern Munich Sané
81%
OL 41.50M Bayern Munich Tolisso
80%
Naples 50m Bayern Munich Kim
79%
Dortmund 35M Bayern Munich Hummels
73%
Bayern Munich 30.5M Dortmund Hummels
73%
Juventus 67M Bayern Munich De ligt
71%
RB Leipzig 42.50M Bayern Munich Upamecano
66%
Stuttgart 35M Bayern Munich Pavard
62%
Dortmund 37M Bayern Munich Gotze
57%
Bayern Munich 40M Juventus Douglas Costa
55%
Liverpool 32M Bayern Munich Mané
48%
Atletic Bilbao 40M Bayern Munich Martinez
37%
Juventus 39.25M Bayern Munich Vidal
34%
Bayern Munich 40M Liverpool Gravenberch
32%
Benfica 35M Bayern Munich Sanches
31%
Stuttgart 30M Bayern Munich Gomez
27%
Aucun quiz correspondant
Distribution des résultats
% des personnes avec chaque résultat
Percentile par nombre de réponses
Votre historique - résultats
Vous n’avez pas pris ce quiz